000 00692nam a2200229Ia 4500
005 20250508163843.0
008 008 250505s9999 xx 000 0 eng d
020 _a0-7507-0890-5
037 _aReference
040 _aFEDL
_beng
_cFEDL
041 _aeng
_2eng
084 _a378, BET/RR
_qFEDL
100 _aBetts Mick
_9776562
245 0 _aDeveloping the credit-based modular curriculum in higher education
260 _aLondon, UK
_bFalmer Press
_c1998
300 _aviii,167p.
365 _aGBP
_b18.99
650 _aHigher education; Curriculum - Credit based
_9776563
700 _a Smith Robin
_9776564
942 _cREF
_h378, BET/RR
999 _c1385614
_d1385614